Social media analytics : (Record no. 53003)

MARC details
000 -LEADER
fixed length control field 00618nam a2200205Ia 4500
005 - DATE AND TIME OF LATEST TRANSACTION
control field 20260429112228.0
008 - FIXED-LENGTH DATA ELEMENTS--GENERAL INFORMATION
fixed length control field 260429s9999||||xx |||||||||||||| ||und||
020 ## - INTERNATIONAL STANDARD BOOK NUMBER
International Standard Book Number 9789332578463
041 ## - LANGUAGE CODE
Language English
082 ## - DEWEY DECIMAL CLASSIFICATION NUMBER
Classification number 302.231
Item number GAN
100 ## - MAIN ENTRY--PERSONAL NAME
Personal name Ganis, Matthew
245 #0 - TITLE STATEMENT
Title Social media analytics :
Remainder of title techniques and insights for extracting business value out of social media /
Statement of responsibility, etc Matthew Ganis
260 ## - PUBLICATION, DISTRIBUTION, ETC. (IMPRINT)
Place of publication, distribution, etc India :
Name of publisher, distributor, etc Pearson,
Date of publication, distribution, etc 2017.
300 ## - PHYSICAL DESCRIPTION
Extent xxxi, 268 p.; pbk
650 ## - SUBJECT ADDED ENTRY--TOPICAL TERM
Topical term or geographic name as entry element Communication media
650 ## - SUBJECT ADDED ENTRY--TOPICAL TERM
Topical term or geographic name as entry element Social media
650 ## - SUBJECT ADDED ENTRY--TOPICAL TERM
Topical term or geographic name as entry element Social interaction
700 ## - ADDED ENTRY--PERSONAL NAME
Personal name Kohirkar, Avinash
942 ## - ADDED ENTRY ELEMENTS (KOHA)
Koha item type Text Books
Holdings
Withdrawn status Lost status Damaged status Not for loan Collection code Home library Location Shelving location Date of Cataloging Source of acquisition Total Checkouts Full call number Barcode Date last seen Price effective from Koha item type
        Non-fiction CUTN Central Library CUTN Central Library Social Sciences 29/04/2026 Sri Mariyamman Stores, Virudhunagar - Invoice No. SMS-CCR/2025-26/348 on 11-02-2026   302.231 GAN 58158 29/04/2026 29/04/2026 Text Books